Deviance & control : (Record no. 13344)

000 -LEADER
fixed length control field 00509nam a2200181 a 4500
020 ## - INTERNATIONAL STANDARD BOOK NUMBER
ISBN 0875813410
040 ## - CATALOGING SOURCE
Transcribing agency DLC
082 ## - DEWEY DECIMAL CLASSIFICATION NUMBER
Classification number 301 EFP 1989 A011 Or.
100 1# - MAIN ENTRY--AUTHOR NAME
Personal name Little, Craig B.
245 10 - TITLE STATEMENT
Title Deviance & control :
Remainder of title theory, research, and social policy /
260 ## - PUBLICATION, DISTRIBUTION, ETC. (IMPRINT)
Place of publication Itasca, Ill. :
Name of publisher F.E. Peacock Publishers,
Year of publication c1989.
300 ## - PHYSICAL DESCRIPTION
Number of Pages xiv, 419 p. :
Other physical details ill. ;
Dimensions 24 cm.
650 #0 - SUBJECT ADDED ENTRY--TOPICAL TERM
Topical Term Deviant behavior.
650 #0 - SUBJECT ADDED ENTRY--TOPICAL TERM
Topical Term Deviant behavior
650 #0 - SUBJECT ADDED ENTRY--TOPICAL TERM
Topical Term Social control.
650 #0 - SUBJECT ADDED ENTRY--TOPICAL TERM
Topical Term Social policy.
942 ## - ADDED ENTRY ELEMENTS (KOHA)
Koha item type សៀវភៅភាសាអង់គ្លេស
952 ## - LOCATION AND ITEM INFORMATION (KOHA)
Withdrawn status [LOCAL, KOHA] 0
Holdings
Permanent Location Date acquired Koha item type Lost status Shelving location Barcode Current Location Full call number
Library Block A2017-08-24សៀវភៅភាសាអង់គ្លេស A066A17504Library Block A301 EFP 1989 A066 Or.
មជ្ឈមណ្ឌលឯការនៃសាកលវិទ្យាល័យភូមិន្ទកសិកម្មចំការដូង

Powered by Koha